[Event "Titled Tuesday intern op 19th Sep Early"]
[Site "Chess.com INT"]
[Date "2023.09.19"]
[Round "10"]
[White "Claverie, Christophe"]
[Black "Rozman, Levy"]
[Result "1-0"]
[WhiteElo "2332"]
[BlackElo "2322"]
[PlyCount "87"]
[EventDate "2023.09.19"]
[EventType "swiss (blitz)"]
[EventRounds "11"]
[EventCountry "USA"]
[SourceTitle "EXT 2024"]
[Source "ChessBase"]
[SourceDate "2023.10.10"]
[SourceVersion "1"]
[SourceVersionDate "2023.10.10"]
[SourceQuality "1"]

1. d4 f5 2. e4 fxe4 3. Nc3 Nf6 4. Bg5 Nc6 5. d5 Ne5 6. Qe2 c6 7. 0-0-0 cxd5 8. Bxf6 gxf6 9. Rxd5 Bh6+ 10. Kb1 0-0 11. Qxe4 e6 12. Rd1 d5 13. Qh4 Bg7 14. f4 Ng6 15. Qf2 f5 16. Nb5 Bd7 17. Nd4 Qb6 18. g3 Rac8 19. Ngf3 Ne7 20. Ne5 Ba4 21. b3 Nc6 22. Nexc6 Bxc6 23. Qe3 Bd7 24. c3 Rc7 25. Rc1 Rfc8 26. Be2 a5 27. Rhd1 a4 28. Kb2 axb3 29. axb3 Kh8 30. g4 fxg4 31. h3 g3 32. Rd3 g2 33. Rg1 Ra8 34. Rxg2 Qa5 35. Kc2 Qa1 36. Kd2 Ra2+ 37. Nc2 Qb2 38. Bd1 Qxb3 39. Rxg7 Kxg7 40. Qe5+ Kf8 41. Qxc7 Bb5 42. Qc5+ Kf7 43. Rg3 Qc4 44. Qd6 1-0

[Event "Titled Tuesday intern op 19th Sep Early"]
[Site "Chess.com INT"]
[Date "2023.09.19"]
[Round "7"]
[White "Matinian, Nikita"]
[Black "Claverie, Christophe"]
[Result "1-0"]
[WhiteElo "2421"]
[BlackElo "2332"]
[PlyCount "61"]
[EventDate "2023.09.19"]
[EventType "swiss (blitz)"]
[EventRounds "11"]
[EventCountry "USA"]
[SourceTitle "EXT 2024"]
[Source "ChessBase"]
[SourceDate "2023.10.10"]
[SourceVersion "1"]
[SourceVersionDate "2023.10.10"]
[SourceQuality "1"]

1. e4 c5 2. Nf3 g6 3. d4 cxd4 4. Qxd4 Nf6 5. Nc3 Nc6 6. Qa4 d6 7. e5 dxe5 8. Nxe5 Bg7 9. Bb5 0-0 10. Nxc6 bxc6 11. Bxc6 Rb8 12. 0-0 Qc7 13. h3 Rb6 14. Bf3 Bf5 15. Re1 e5 16. Qa5 e4 17. Nxe4 Nxe4 18. Bxe4 Re8 19. Bxf5 Rxe1+ 20. Qxe1 gxf5 21. Qe8+ Bf8 22. Be3 Re6 23. Qa8 f4 24. Qxa7 Qxc2 25. Bxf4 Qxb2 26. Rf1 Qb4 27. Be3 Qb5 28. a4 Qc4 29. Rc1 Qd3 30. Rc8 Kg7 31. Qd4+ 1-0

[Event "Titled Tuesday intern op 15th Nov Late"]
[Site "Chess.com INT"]
[Date "2022.11.15"]
[Round "3"]
[White "Gasparyan, Davit"]
[Black "Claverie, Christophe"]
[Result "1-0"]
[WhiteElo "1940"]
[BlackElo "2320"]
[PlyCount "51"]
[EventDate "2022.11.15"]
[EventType "swiss (blitz)"]
[EventRounds "11"]
[EventCountry "USA"]
[SourceTitle "CBM 211 Extra"]
[Source "ChessBase"]
[SourceDate "2023.01.31"]
[SourceVersion "1"]
[SourceVersionDate "2023.01.31"]
[SourceQuality "1"]

1. Nf3 Nf6 2. d4 b5 3. Bf4 Bb7 4. e3 a6 5. Bd3 e6 6. Nbd2 c5 7. c3 d5 8. 0-0 Nbd7 9. Re1 Be7 10. h3 0-0 11. a4 c4 12. Bc2 Ne4 13. Nxe4 dxe4 14. Nd2 f5 15. b3 cxb3 16. Bxb3 Bd5 17. Bxd5 exd5 18. Qb3 Nb6 19. axb5 axb5 20. Qxb5 Rxa1 21. Rxa1 Bd6 22. Bxd6 Qxd6 23. Ra6 Rb8 24. c4 dxc4 25. Nxc4 Nxc4 26. Qxc4+ 1-0

[Event "Titled Tuesday intern op 06th Sep Late"]
[Site "Chess.com INT"]
[Date "2022.09.06"]
[Round "5"]
[White "Claverie, Christophe"]
[Black "Zenin, Dmitri"]
[Result "0-1"]
[WhiteElo "2315"]
[BlackElo "2163"]
[PlyCount "68"]
[EventDate "2022.09.06"]
[EventType "swiss (blitz)"]
[EventRounds "11"]
[EventCountry "USA"]
[SourceTitle "EXT 2023"]
[Source "ChessBase"]
[SourceDate "2022.10.05"]
[SourceVersion "1"]
[SourceVersionDate "2022.10.05"]
[SourceQuality "1"]

1. d4 Nf6 2. Bg5 d5 3. Bxf6 exf6 4. e3 Bd6 5. c4 dxc4 6. Bxc4 c6 7. Nc3 f5 8. Qc2 0-0 9. Nf3 g6 10. h4 h5 11. Ng5 Nd7 12. 0-0-0 Nf6 13. f3 Kg7 14. Kb1 Qe7 15. e4 fxe4 16. fxe4 Bf4 17. e5 Ng4 18. Qe2 Ne3 19. Rde1 Nxc4 20. Qxc4 Bf5+ 21. Nge4 Rad8 22. Ka1 Be6 23. Qf1 Bh6 24. Nd6 Rxd6 25. exd6 Qxd6 26. Qf2 Rd8 27. Rd1 Qf4 28. Qe2 Rxd4 29. Rxd4 Qxd4 30. Rd1 Qxh4 31. Qe5+ Qf6 32. Qc7 Bg4 33. Ne4 Qe6 34. Re1 Bd2 0-1

[Event "Titled Tuesday intern op 06th Sep Late"]
[Site "Chess.com INT"]
[Date "2022.09.06"]
[Round "1"]
[White "Onslow, Alfie"]
[Black "Claverie, Christophe"]
[Result "0-1"]
[WhiteElo "2115"]
[BlackElo "2315"]
[PlyCount "96"]
[EventDate "2022.09.06"]
[EventType "swiss (blitz)"]
[EventRounds "11"]
[EventCountry "USA"]
[SourceTitle "EXT 2023"]
[Source "ChessBase"]
[SourceDate "2022.10.05"]
[SourceVersion "1"]
[SourceVersionDate "2022.10.05"]
[SourceQuality "1"]

1. e4 c5 2. Nc3 Nc6 3. Bb5 Na5 4. Nf3 a6 5. Be2 d6 6. 0-0 e5 7. d3 Nf6 8. Bg5 Be7 9. Nd2 h6 10. Bxf6 Bxf6 11. Nc4 Nc6 12. Nd5 Be6 13. Ncb6 Rb8 14. c3 g5 15. Bg4 0-0 16. Qf3 Bg7 17. Bf5 Ne7 18. Nxe7+ Qxe7 19. Nd5 Bxd5 20. exd5 b5 21. Rfe1 b4 22. c4 b3 23. a3 a5 24. Re4 a4 25. Rae1 Bf6 26. Qh5 Kg7 27. h4 Rh8 28. Rg4 Rbg8 29. Ree4 Kf8 30. g3 gxh4 31. Rxg8+ Rxg8 32. Qxh6+ Ke8 33. Rg4 Rxg4 34. Bxg4 hxg3 35. Qh5 gxf2+ 36. Kxf2 e4 37. Qf5 Bxb2 38. dxe4 Bxa3 39. Qc8+ Qd8 40. Qc6+ Kf8 41. Qxa4 Qf6+ 42. Bf3 Qb2+ 43. Kg3 Bb4 44. Qa8+ Kg7 45. Qc8 Qe5+ 46. Kh3 Bd2 47. Qg4+ Bg5 48. Qxg5+ Qxg5 0-1

[Event "Titled Tuesday intern op 30th Aug Late"]
[Site "Chess.com INT"]
[Date "2022.08.30"]
[Round "5"]
[White "Claverie, Christophe"]
[Black "Omariev, Maksim"]
[Result "1-0"]
[WhiteElo "2314"]
[BlackElo "2304"]
[PlyCount "81"]
[EventDate "2022.08.30"]
[EventType "swiss (blitz)"]
[EventRounds "11"]
[EventCountry "USA"]
[SourceTitle "EXT 2023"]
[Source "ChessBase"]
[SourceDate "2022.10.05"]
[SourceVersion "1"]
[SourceVersionDate "2022.10.05"]
[SourceQuality "1"]

1. d4 d5 2. c4 e6 3. Nf3 Nf6 4. Nc3 Be7 5. e3 0-0 6. Bd3 dxc4 7. Bxc4 c5 8. 0-0 a6 9. Qe2 b5 10. Bd3 Nbd7 11. a3 Bb7 12. Rd1 Qb6 13. Bd2 Rac8 14. Rac1 Rfd8 15. Be1 h6 16. Bb1 Ba8 17. h3 Qb7 18. Qf1 cxd4 19. Nxd4 Nb6 20. f3 Nc4 21. Qe2 Bc5 22. Bf2 Qb6 23. Na4 bxa4 24. Rxc4 Bxd4 25. Rcxd4 Rxd4 26. Rxd4 Rc1+ 27. Rd1 Rc8 28. e4 Qb3 29. Bd3 Bb7 30. Rd2 e5 31. Bxa6 Bxa6 32. Qxa6 Rc1+ 33. Kh2 Rc2 34. Qe2 Rxd2 35. Qxd2 Nh5 36. Qc3 Qb5 37. Qc8+ Kh7 38. Qf5+ g6 39. Qxf7+ Ng7 40. Bg3 Qxb2 41. Qe7 1-0

[Event "Titled Tuesday intern op 30th Aug Late"]
[Site "Chess.com INT"]
[Date "2022.08.30"]
[Round "1"]
[White "Jodorcovsky Werjivker, Paulo"]
[Black "Claverie, Christophe"]
[Result "0-1"]
[WhiteElo "2213"]
[BlackElo "2314"]
[PlyCount "116"]
[EventDate "2022.08.30"]
[EventType "swiss (blitz)"]
[EventRounds "11"]
[EventCountry "USA"]
[SourceTitle "EXT 2023"]
[Source "ChessBase"]
[SourceDate "2022.10.05"]
[SourceVersion "1"]
[SourceVersionDate "2022.10.05"]
[SourceQuality "1"]

1. e4 c5 2. Nc3 Nc6 3. Bb5 Na5 4. d3 e6 5. f4 a6 6. Ba4 b5 7. Bb3 Bb7 8. Nf3 Nf6 9. 0-0 d5 10. exd5 exd5 11. a4 b4 12. Ne2 Nxb3 13. cxb3 d4 14. Ng3 Be7 15. Ne5 0-0 16. Nh5 Nxh5 17. Qxh5 Qd5 18. Qg4 f6 19. Nf3 Bc8 20. Qg3 Qxb3 21. Nd2 Qd5 22. Nc4 Bd8 23. f5 Bxf5 24. Bh6 Ra7 25. Rae1 Bg6 26. Bf4 Re7 27. Bd6 Rxe1 28. Rxe1 Re8 29. Rxe8+ Bxe8 30. Qg4 f5 31. Qe2 Bf7 32. b3 g6 33. Be5 Be7 34. Qd2 Qd7 35. Qf4 Bxc4 36. dxc4 d3 37. Qd2 Qe6 38. Bf4 Qe4 39. Be3 Kf7 40. Kf2 Bf6 41. Bxc5 Bd4+ 42. Bxd4 Qxd4+ 43. Qe3 Qb2+ 44. Kf3 d2 45. Qa7+ Kf6 46. Qb6+ Kg5 47. Qe3+ Kh5 48. Qe2 Qc2 49. Kg3+ Kg5 50. Qe3+ Kf6 51. Qd4+ Ke6 52. Qd5+ Ke7 53. Qe5+ Kf7 54. Qd5+ Kg7 55. Qe5+ Kh6 56. Qf4+ g5 57. Qd6+ Kh5 58. Qf6 f4+ 0-1

[Event "Titled Tuesday intern op 23rd Aug Late"]
[Site "Chess.com INT"]
[Date "2022.08.23"]
[Round "4"]
[White "Claverie, Christophe"]
[Black "Harvey, Marcus Ross"]
[Result "0-1"]
[WhiteElo "2314"]
[BlackElo "2456"]
[PlyCount "94"]
[EventDate "2022.08.23"]
[EventType "swiss (blitz)"]
[EventRounds "11"]
[EventCountry "USA"]
[SourceTitle "EXT 2023"]
[Source "ChessBase"]
[SourceDate "2022.10.05"]
[SourceVersion "1"]
[SourceVersionDate "2022.10.05"]
[SourceQuality "1"]

1. d4 f5 2. e4 fxe4 3. Nc3 Nf6 4. Bg5 c6 5. d5 Qa5 6. Bxf6 exf6 7. a3 d6 8. b4 Qd8 9. Nxe4 a5 10. Rb1 axb4 11. axb4 f5 12. Ng3 g6 13. h4 Bg7 14. Bd3 cxd5 15. h5 Nc6 16. N1e2 Ne5 17. Nf4 0-0 18. hxg6 hxg6 19. Nxd5 Be6 20. Nf4 Ba2 21. Rc1 Re8 22. Kf1 Bf7 23. Bb5 Qb6 24. Bxe8 Rxe8 25. Kg1 Ng4 26. Qf3 Nxf2 27. Kh2 Ng4+ 28. Kh3 Nf2+ 29. Kh2 Ng4+ 30. Kh3 Re3 31. Qf1 g5 32. Nd5 Bxd5 33. Qxf5 Rxg3+ 34. Kxg3 Qe3+ 35. Kxg4 Be6 36. Rhf1 Qe4+ 37. Kxg5 Bxf5 38. Rxf5 Bh6+ 39. Kg6 Bxc1 40. g4 Qe8+ 41. Kf6 Bb2+ 42. Kg5 Kg7 43. c4 Bc1+ 44. Kh4 Qe3 45. c5 Bd2 46. g5 Be1+ 47. Kh5 Qh3# 0-1

[Event "Titled Tuesday intern op 23rd Aug Late"]
[Site "Chess.com INT"]
[Date "2022.08.23"]
[Round "10"]
[White "Preotu, Razvan"]
[Black "Claverie, Christophe"]
[Result "0-1"]
[WhiteElo "2433"]
[BlackElo "2314"]
[PlyCount "56"]
[EventDate "2022.08.23"]
[EventType "swiss (blitz)"]
[EventRounds "11"]
[EventCountry "USA"]
[SourceTitle "EXT 2023"]
[Source "ChessBase"]
[SourceDate "2022.10.05"]
[SourceVersion "1"]
[SourceVersionDate "2022.10.05"]
[SourceQuality "1"]

1. e4 c5 2. Nf3 d6 3. d4 cxd4 4. Nxd4 Nf6 5. Nc3 Nc6 6. Bg5 Bd7 7. Qd2 Rc8 8. 0-0-0 Nxd4 9. Qxd4 Qa5 10. Bd2 a6 11. a3 Qc5 12. Qxc5 Rxc5 13. f3 h6 14. Be3 Rc8 15. Nd5 Nxd5 16. exd5 e5 17. dxe6 fxe6 18. g3 Be7 19. Bh3 Kf7 20. Rhe1 Rhe8 21. Bf4 Rc6 22. Re2 g5 23. Be3 Bf6 24. f4 gxf4 25. Bxf4 d5 26. Bxh6 Rh8 27. Rxd5 exd5 28. Bxd7 Rd6 0-1

[Event "Titled Tuesday intern op 16th Aug Late"]
[Site "Chess.com INT"]
[Date "2022.08.16"]
[Round "1"]
[White "Hansen, Eric"]
[Black "Claverie, Christophe"]
[Result "1-0"]
[WhiteElo "2606"]
[BlackElo "2314"]
[PlyCount "55"]
[EventDate "2022.08.16"]
[EventType "swiss (blitz)"]
[EventRounds "11"]
[EventCountry "USA"]
[SourceTitle "EXT 2023"]
[Source "ChessBase"]
[SourceDate "2022.10.05"]
[SourceVersion "1"]
[SourceVersionDate "2022.10.05"]
[SourceQuality "1"]

1. e4 c5 2. Nf3 d6 3. Bb5+ Bd7 4. Bxd7+ Qxd7 5. 0-0 Nc6 6. Re1 Nf6 7. c3 e6 8. d4 cxd4 9. cxd4 d5 10. e5 Ne4 11. Nbd2 Nxd2 12. Bxd2 Bb4 13. h4 0-0 14. h5 h6 15. Re3 Rac8 16. Nh2 Qe7 17. Rg3 Bxd2 18. Qxd2 Qh4 19. Ng4 Kh8 20. Rd1 Rc7 21. b4 Rfc8 22. b5 Ne7 23. Nxh6 Rc2 24. Nxf7+ Kg8 25. Qg5 Qxg5 26. Nxg5 Nf5 27. Rgd3 Re8 28. Ra3 1-0

[Event "Titled Tuesday intern op 16th Aug Late"]
[Site "Chess.com INT"]
[Date "2022.08.16"]
[Round "5"]
[White "Rustemov, Alexander"]
[Black "Claverie, Christophe"]
[Result "0-1"]
[WhiteElo "2525"]
[BlackElo "2314"]
[PlyCount "178"]
[EventDate "2022.08.16"]
[EventType "swiss (blitz)"]
[EventRounds "11"]
[EventCountry "USA"]
[SourceTitle "EXT 2023"]
[Source "ChessBase"]
[SourceDate "2022.10.05"]
[SourceVersion "1"]
[SourceVersionDate "2022.10.05"]
[SourceQuality "1"]

1. d4 Nf6 2. c4 g6 3. Nf3 Bg7 4. g3 0-0 5. Bg2 d6 6. Nc3 c6 7. 0-0 Qa5 8. e4 Bg4 9. h3 Bxf3 10. Bxf3 e5 11. d5 cxd5 12. cxd5 Nbd7 13. Be3 Rfc8 14. Qe2 a6 15. Rfc1 h5 16. a3 Qd8 17. Rc2 Nc5 18. b4 Nb3 19. Rd1 Nd7 20. Na4 b5 21. Nb2 Nd4 22. Bxd4 exd4 23. Rdc1 Rc3 24. Nd3 Rac8 25. Bg2 h4 26. gxh4 Qxh4 27. f4 Qg3 28. Rxc3 Rxc3 29. Rd1 Rxa3 30. Qf3 Qxf3 31. Bxf3 Rc3 32. Kf2 Rc2+ 33. Kg3 Rc3 34. Kf2 Bf6 35. Ke2 g5 36. Bg4 Nb6 37. e5 Be7 38. exd6 Bxd6 39. fxg5 Nxd5 40. h4 Bg3 41. h5 Kg7 42. Rh1 Nf4+ 43. Nxf4 Bxf4 44. h6+ Kh8 45. Bf5 Re3+ 46. Kf2 Bxg5 47. h7 Bf6 48. Rh6 Be7 49. Rxa6 Bd8 50. Ra8 Re8 51. Kf3 Rf8 52. Ke4 Kg7 53. Kxd4 Bf6+ 54. Kc5 Rxa8 55. Kxb5 Rb8+ 56. Kc5 Be7+ 57. Kd5 Rxb4 58. Ke5 Bf6+ 59. Kd5 Rb5+ 60. Ke4 Re5+ 61. Kf4 Re8 62. Kg4 Be5 63. Kg5 Bc3 64. Kg4 Re5 65. Kg5 Rxf5+ 66. Kxf5 Kxh7 67. Kg5 Kg7 68. Kf5 f6 69. Kg4 Be5 70. Kf5 Kf7 71. Kg4 Kg6 72. Kf3 f5 73. Kg2 Kg5 74. Kf3 f4 75. Kg2 Kg4 76. Kf2 f3 77. Kg1 Kg3 78. Kh1 Bd6 79. Kg1 Be7 80. Kh1 Kf4 81. Kg1 Ke3 82. Kf1 Bb4 83. Kg1 Ke2 84. Kh2 f2 85. Kg3 f1Q 86. Kh4 Qg1 87. Kh5 Be7 88. Kh6 Bf6 89. Kh5 Qg5# 0-1

[Event "Titled Tuesday intern op 09th Aug Late"]
[Site "Chess.com INT"]
[Date "2022.08.09"]
[Round "3"]
[White "Claverie, Christophe"]
[Black "Adury, Anant"]
[Result "1-0"]
[WhiteElo "2314"]
[BlackElo "2028"]
[PlyCount "20"]
[EventDate "2022.08.09"]
[EventType "swiss (blitz)"]
[EventRounds "11"]
[EventCountry "USA"]
[SourceTitle "EXT 2023"]
[Source "ChessBase"]
[SourceDate "2022.10.05"]
[SourceVersion "1"]
[SourceVersionDate "2022.10.05"]
[SourceQuality "1"]

1. d4 Nf6 2. Bg5 e6 3. Nd2 d5 4. e3 Be7 5. Bd3 0-0 6. f4 b6 7. Ngf3 Ba6 8. c4 dxc4 9. Nxc4 Ne4 10. Bxe4 Bxg5 1-0

[Event "Titled Tuesday intern op 09th Aug Late"]
[Site "Chess.com INT"]
[Date "2022.08.09"]
[Round "4"]
[White "Lobanov, Sergei"]
[Black "Claverie, Christophe"]
[Result "1-0"]
[WhiteElo "2531"]
[BlackElo "2314"]
[PlyCount "73"]
[EventDate "2022.08.09"]
[EventType "swiss (blitz)"]
[EventRounds "11"]
[EventCountry "USA"]
[SourceTitle "EXT 2023"]
[Source "ChessBase"]
[SourceDate "2022.10.05"]
[SourceVersion "1"]
[SourceVersionDate "2022.10.05"]
[SourceQuality "1"]

1. Nf3 Nf6 2. b3 g6 3. Bb2 Bg7 4. c4 0-0 5. g3 c6 6. Bg2 d5 7. 0-0 Re8 8. d4 Ne4 9. Nfd2 Nxd2 10. Nxd2 dxc4 11. Nxc4 Nd7 12. e4 Nb6 13. Ne5 Nd7 14. Nf3 c5 15. Rc1 cxd4 16. Bxd4 e5 17. Bb2 Qe7 18. Rc7 Qd8 19. Qc2 Nf8 20. Rd1 Bd7 21. Rxb7 Rc8 22. Qe2 h6 23. Rxa7 Rc7 24. Rxc7 Qxc7 25. h3 Ne6 26. Bxe5 Bxe5 27. Nxe5 Qxe5 28. Rxd7 h5 29. h4 Nc5 30. Rd1 Ne6 31. f4 Qa5 32. e5 Ng7 33. Rd7 Nf5 34. Kh2 Qb4 35. Qc4 Qf8 36. Rxf7 Qxf7 37. Bd5 1-0

[Event "C'Chartres Blitz op"]
[Site "Europe Echecs INT"]
[Date "2020.11.28"]
[Round "6"]
[White "Claverie, Christophe"]
[Black "Buksa, Nataliya"]
[Result "0-1"]
[WhiteElo "2314"]
[BlackElo "2410"]
[PlyCount "84"]
[EventDate "2020.11.28"]
[EventType "swiss (blitz)"]
[EventRounds "11"]
[EventCountry "FRA"]
[SourceTitle "CBM 199 Extra"]
[Source "ChessBase"]
[SourceDate "2021.01.31"]
[SourceVersion "1"]
[SourceVersionDate "2021.01.31"]
[SourceQuality "1"]

1. d4 d5 2. Bf4 Nf6 3. e3 e6 4. Nf3 Bd6 5. Nbd2 c5 6. c3 Qc7 7. Bg3 Nbd7 8. Bd3 0-0 9. 0-0 Rb8 10. Qe2 c4 11. Bc2 b5 12. a3 Bb7 13. e4 dxe4 14. Nxe4 Nxe4 15. Bxe4 Bxe4 16. Qxe4 Nf6 17. Qe2 Bxg3 18. fxg3 a5 19. Ne5 Nd7 20. Nf3 b4 21. axb4 axb4 22. Ng5 h6 23. Ne4 bxc3 24. bxc3 Rb3 25. Rf3 Nb6 26. Nc5 Rb5 27. Raf1 Rxc5 28. dxc5 Qxc5+ 29. Kh1 Nd5 30. Qe5 Qb6 31. Qe4 Qc7 32. g4 Nf6 33. Rxf6 gxf6 34. Rxf6 Qd8 35. Rf1 Qd3 36. Qf4 e5 37. Qf6 e4 38. h3 e3 39. g5 e2 40. Re1 h5 41. Kg1 Re8 42. Kf2 Qe3# 0-1

[Event "FRA-ch Blitz Online Qual"]
[Site "Europe Echecs INT"]
[Date "2020.05.16"]
[Round "8"]
[White "Claverie, Christophe"]
[Black "Mamedov, Rauf"]
[Result "1/2-1/2"]
[WhiteElo "2304"]
[BlackElo "2654"]
[PlyCount "143"]
[EventDate "2020.05.16"]
[EventType "swiss (blitz)"]
[EventRounds "15"]
[EventCountry "FRA"]
[SourceTitle "CBM 196 Extra"]
[Source "ChessBase"]
[SourceDate "2020.07.31"]
[SourceVersion "1"]
[SourceVersionDate "2020.07.31"]
[SourceQuality "1"]

1. Nf3 c5 2. g3 Nc6 3. Bg2 Nf6 4. 0-0 d5 5. d3 g6 6. c3 Bg7 7. Qa4 0-0 8. Qh4 Re8 9. Bh6 Bxh6 10. Qxh6 Ng4 11. Qh4 e5 12. Qxd8 Rxd8 13. e4 d4 14. c4 a6 15. h3 Nf6 16. Nbd2 Nb4 17. Ne1 b5 18. a3 Nc6 19. Nc2 Be6 20. b3 Rab8 21. Rfb1 bxc4 22. bxc4 Nd7 23. Kh2 f6 24. h4 Kf7 25. Bh3 Bxh3 26. Kxh3 Ke6 27. Kg2 Kd6 28. f3 Nb6 29. Kf2 Na4 30. Rxb8 Rxb8 31. Rb1 Rb2 32. Rxb2 Nxb2 33. Ke2 Na5 34. f4 h5 35. Ne1 Ke6 36. Nef3 Na4 37. fxe5 fxe5 38. Ng5+ Kf6 39. Ndf3 Nc3+ 40. Kd2 Nb1+ 41. Kc2 Nxa3+ 42. Kb2 N3xc4+ 43. dxc4 Nxc4+ 44. Kb3 Na5+ 45. Ka4 Nc6 46. Nd2 d3 47. Kb3 Nd4+ 48. Kc4 Ne2 49. Kxd3 Nc1+ 50. Kc4 Ne2 51. Nf1 a5 52. Kxc5 Nd4 53. Nd2 Ne2 54. Kb5 Nxg3 55. Kxa5 Ne2 56. Kb5 Nf4 57. Kc5 Ng2 58. Ndf3 Nxh4 59. Nh7+ Kg7 60. Nxh4 Kxh7 61. Kd5 g5 62. Nf3 g4 63. Nxe5 Kh6 64. Kd4 Kg5 65. Ke3 h4 66. Nd3 h3 67. Kf2 h2 68. Kg2 g3 69. Nc1 Kf4 70. Ne2+ Kxe4 71. Nxg3+ Kf4 72. Kxh2 1/2-1/2

[Event "FRA-ch Blitz Online Qual"]
[Site "Europe Echecs INT"]
[Date "2020.05.16"]
[Round "3"]
[White "Jouneau, Quentin"]
[Black "Claverie, Christophe"]
[Result "0-1"]
[WhiteElo "2018"]
[BlackElo "2304"]
[PlyCount "52"]
[EventDate "2020.05.16"]
[EventType "swiss (blitz)"]
[EventRounds "15"]
[EventCountry "FRA"]
[SourceTitle "CBM 196 Extra"]
[Source "ChessBase"]
[SourceDate "2020.07.31"]
[SourceVersion "1"]
[SourceVersionDate "2020.07.31"]
[SourceQuality "1"]

1. e4 c5 2. Nf3 g6 3. d4 cxd4 4. Nxd4 Bg7 5. Be3 Nc6 6. Nc3 Nf6 7. g3 0-0 8. Bg2 d6 9. Nxc6 bxc6 10. e5 Ng4 11. Bxc6 Nxe3 12. fxe3 Rb8 13. Na4 Bxe5 14. c3 Bh3 15. Qf3 h5 16. 0-0-0 Bg4 17. Qg2 Bxd1 18. Rxd1 Qc7 19. Bd5 e6 20. Bb3 Rb5 21. g4 h4 22. g5 Rfb8 23. Qg4 Rb4 24. c4 Qc6 25. Qxh4 Rxa4 26. Bxa4 Qxa4 0-1

[Event "FRA-ch Blitz Online Qual"]
[Site "Europe Echecs INT"]
[Date "2020.05.16"]
[Round "9"]
[White "Massiani, Xavier"]
[Black "Claverie, Christophe"]
[Result "1/2-1/2"]
[WhiteElo "1781"]
[BlackElo "2304"]
[PlyCount "136"]
[EventDate "2020.05.16"]
[EventType "swiss (blitz)"]
[EventRounds "15"]
[EventCountry "FRA"]
[SourceTitle "CBM 196 Extra"]
[Source "ChessBase"]
[SourceDate "2020.07.31"]
[SourceVersion "1"]
[SourceVersionDate "2020.07.31"]
[SourceQuality "1"]

1. e4 c5 2. Nc3 Nc6 3. Bb5 Na5 4. Nf3 a6 5. Be2 e6 6. 0-0 b5 7. d4 cxd4 8. Qxd4 Nc6 9. Qd3 d6 10. a3 h6 11. Rd1 Bb7 12. Bf4 e5 13. Be3 Nf6 14. Nh4 g6 15. f4 Be7 16. Nf3 Ng4 17. fxe5 dxe5 18. Qxd8+ Rxd8 19. Bb6 Rxd1+ 20. Rxd1 Nf6 21. h3 Nd7 22. Be3 Bc5 23. Bxc5 Nxc5 24. Rd5 Nd7 25. Rd1 Nc5 26. Rd5 Nd7 27. Rd1 f6 28. Nd5 0-0 29. a4 bxa4 30. Bc4 Kg7 31. c3 Nc5 32. Nc7 Rd8 33. Bd5 Rd7 34. Ne8+ Kf8 35. Nxf6 Rd6 36. Ng4 Nxe4 37. Nfxe5 Kg7 38. Re1 Rxd5 39. Rxe4 Nxe5 40. Rxe5 Rxe5 41. Nxe5 Kf6 42. Nd7+ Ke7 43. Nc5 Bc8 44. Nxa4 Kd6 45. Kf2 Kc6 46. b3 Bf5 47. Nb2 a5 48. Nc4 Bc2 49. Nxa5+ Kb5 50. b4 h5 51. Kg3 g5 52. Kf3 Bd1+ 53. Kf2 h4 54. g3 Bc2 55. gxh4 gxh4 56. Kf3 Bf5 57. Kg2 Be4+ 58. Kh2 Bd5 59. c4+ Bxc4 60. Nxc4 Kxc4 61. Kg2 Kxb4 62. Kf3 Kc5 63. Kg4 Kd6 64. Kxh4 Ke7 65. Kh5 Kf8 66. Kh6 Kg8 67. Kg6 Kh8 68. Kh6 Kg8 1/2-1/2

[Event "Europe Echecs online op April"]
[Site "Europe Echecs INT"]
[Date "2020.04.11"]
[Round "9"]
[White "Gozzoli, Yannick"]
[Black "Claverie, Christophe"]
[Result "1-0"]
[WhiteElo "2608"]
[BlackElo "2304"]
[PlyCount "131"]
[EventDate "2020.04.11"]
[EventType "swiss (blitz)"]
[EventRounds "11"]
[EventCountry "FRA"]
[SourceTitle "EXT 2021"]
[Source "ChessBase"]
[SourceDate "2020.10.23"]
[SourceVersion "1"]
[SourceVersionDate "2020.10.23"]
[SourceQuality "1"]

1. d4 Nf6 2. Nf3 g6 3. Bg5 Bg7 4. Nbd2 d5 5. e3 c5 6. c3 Qb6 7. Qb3 c4 8. Qxb6 axb6 9. a3 b5 10. Be2 Nc6 11. 0-0 h6 12. Bf4 g5 13. Bc7 Bf5 14. Rfe1 Rc8 15. Bg3 Nd7 16. Bf1 Nf6 17. h3 0-0 18. Bh2 Rfe8 19. Ne5 Nxe5 20. Bxe5 Bf8 21. f3 Nd7 22. Bh2 e5 23. g4 Bg6 24. Bg2 exd4 25. exd4 f6 26. f4 Bf7 27. f5 Nb6 28. Kf2 Na4 29. Rxe8 Rxe8 30. Rb1 Rd8 31. Nf1 Bd6 32. Bxd6 Rxd6 33. Ne3 Kf8 34. Ke2 Ke7 35. Kd2 Kd7 36. Kc2 Kc6 37. h4 Rd7 38. hxg5 hxg5 39. Rh1 Re7 40. Kd2 Nxb2 41. Rh6 Na4 42. Rxf6+ Kd7 43. Nxd5 Bxd5 44. Bxd5 Rh7 45. Rf7+ Rxf7 46. Bxf7 Nb6 47. f6 Kd6 48. Be8 Nd5 49. f7 Ke7 50. Bxb5 Nf6 51. Bxc4 Nxg4 52. a4 Nf6 53. a5 g4 54. Ke3 g3 55. Kf3 Ne4 56. Bd5 Nxc3 57. Bxb7 Nb5 58. Kxg3 Kxf7 59. a6 Ke7 60. Kf4 Kd6 61. Ke4 Kc7 62. Kd5 Nd6 63. Ke6 Nc4 64. d5 Nd6 65. Bc6 Nc8 66. Ba4 1-0

[Event "Europe Echecs online op April"]
[Site "Europe Echecs INT"]
[Date "2020.04.11"]
[Round "1"]
[White "Hilton, Marc"]
[Black "Claverie, Christophe"]
[Result "0-1"]
[WhiteElo "1589"]
[BlackElo "2304"]
[PlyCount "62"]
[EventDate "2020.04.11"]
[EventType "swiss (blitz)"]
[EventRounds "11"]
[EventCountry "FRA"]
[SourceTitle "EXT 2021"]
[Source "ChessBase"]
[SourceDate "2020.10.23"]
[SourceVersion "1"]
[SourceVersionDate "2020.10.23"]
[SourceQuality "1"]

1. d4 Nf6 2. c4 g6 3. Nc3 Bg7 4. e4 d6 5. Nf3 0-0 6. Be2 Bg4 7. 0-0 Nfd7 8. h3 Bxf3 9. Bxf3 Nc6 10. d5 Nd4 11. Bg4 c5 12. Bxd7 Qxd7 13. Ne2 b5 14. b3 Nxe2+ 15. Qxe2 Bxa1 16. Bh6 Bg7 17. Bxg7 Kxg7 18. e5 bxc4 19. e6 fxe6 20. dxe6 Qb5 21. bxc4 Qb4 22. Qc2 Rab8 23. Qc1 Qb2 24. Qg5 Rf6 25. Re1 Qxf2+ 26. Kh1 Qxe1+ 27. Kh2 Qe5+ 28. Qxe5 dxe5 29. g3 Rf2+ 30. Kg1 Rd2 31. Kf1 Rb1# 0-1